Compton's Encyclopedia and Fact-Index Volume 1, A/Anima

Sparad:
Bibliografiska uppgifter
Huvudupphovsman: William Benton
Materialtyp: Okänd
Språk:English
Publicerad: 1969
Ämnen:
Taggar: Lägg till en tagg
Inga taggar, Lägg till första taggen!
Thư viện lưu trữ: Mạng thư viện Đại học Đà Nẵng
LEADER 00971ca a2200289 4500
001 000032182
003 8259
005 20151022000000.0
008 151002s1969 000 eng
041 |a eng 
082 |a 423  |b BE-W  |2 1 
100 |a William Benton 
245 |a Compton's Encyclopedia and Fact-Index Volume 1, A/Anima  |c William Benton 
260 |c 1969 
650 |a Compton's Encyclopedia and Fact-Index Volume 1, A/Anima, William Benton 
852 |b Đọc  |c TỪ ĐIỂN 
OWN |a LNN 
AVA |a UDN50  |b LNN  |d 423.95922 CO-I  |e available  |t Error 5001 Not defined in file expand_doc_bib_avail.  |f 5  |g 0  |h N  |i 0 
999 |a From the UDN01 
AVA |a UDN50  |b LNN  |d 423.95922 CO-I  |e available  |t Error 5001 Not defined in file expand_doc_bib_avail.  |f 5  |g 0  |h N  |i 0 
980 |a Mạng thư viện Đại học Đà Nẵng